Tierra, luna y planetas

Wedi'i Gadw mewn:
Manylion Llyfryddiaeth
Prif Awdur: Whipple, Fred L (Awdur)
Fformat: Llyfr
Iaith:Sbaeneg
Cyhoeddwyd: Buenos Aires Pleamar 1948
Rhifyn:2a. ed
Cyfres:Biblioteca Conocimiento
Pynciau:
Tagiau: Ychwanegu Tag
Dim Tagiau, Byddwch y cyntaf i dagio'r cofnod hwn!

MARC

LEADER 00000nam a2200000 a 4500
001 UCT1562
003 CL-VaPUC
008 960927e19480000AG |||||||||||||||||spa|d
082 0 4 |a 523.4  |b WHI  |2 21 
100 0 |a Whipple, Fred L  |e author  |9 370496 
245 1 0 |a Tierra, luna y planetas 
250 |a 2a. ed 
300 |a 297 p 
942 |c BK 
945 |d 19960927 00:00:00  |a paguirre 
260 |a Buenos Aires  |b Pleamar  |c 1948 
600 0 7 |a TIERRA  |2 CL-VaPUC  |9 369814 
600 0 7 |a LUNA  |2 CL-VaPUC  |9 370497 
600 0 7 |a JUPITER  |2 CL-VaPUC  |9 369813 
600 0 7 |a MARTE  |2 CL-VaPUC  |9 370498 
600 0 7 |a MERCURIO  |2 CL-VaPUC  |9 370499 
600 0 7 |a NEPTUNO  |2 CL-VaPUC  |9 370500 
600 0 7 |a PLUTON  |2 CL-VaPUC  |9 369739 
600 0 7 |a URANO  |2 CL-VaPUC  |9 370501 
600 0 7 |a VENUS  |2 CL-VaPUC  |9 370502 
650 7 |a PLANETAS  |2 CL-VaPUC  |9 352277 
650 7 |a SISTEMA SOLAR  |2 CL-VaPUC  |9 268650 
650 7 |a SATELITES NATURALES  |2 CL-VaPUC  |9 369737 
583 |a last modification  |c 19960927 00:00:00  |k Rodrigo Vera 
490 0 |a Biblioteca Conocimiento 
999 |c 252047  |d 252045 
952 |0 0  |1 0  |4 0  |6 523_400000000000000_WHI_1948  |7 0  |8 A  |9 271649  |a BIBCUR  |b BIBCUR  |d 2019-11-19  |i 1753274  |o 523.4 WHI 1948  |p 1753274  |r 2025-04-22  |w 2019-11-19  |y BK  |k BCB